Open Data Biblioteca Nacional de Portugal


República Portuguesa: Ministério da Cultura
Biblioteca Nacional de Portugal

Catálogo da BNP: acesso por Identificadores Unívocos
Registos Bibliográficos associados ao registo de autoridade

Etiqueta de registo: 00972cam 02200241 04500
001 357300
003 http://id.bnportugal.gov.pt/bib/catbnp/357300
100 ## $a19920720d1888 m y0pory01030103ba
101 0# $aita$apor
102 ## $aPT
105 ## $ay z 000iy
106 ## $ar
200 1# $aDona Branca$edrama lyrico em quatro partes e prologo$eextrahido do poema do Visconde d'Almeida Garrett$flibreto de Cesar Fereal$gmusica de Alfredo Keil
205 ## $a2ª ed
210 #9 $aLisboa$cTyp. do Commercio de Portugal,$d1888
215 ## $a129 p.$d18 cm
300 ## $aPersonagens: Dona Branca, D. Payo Peres Correia, D. Nuno, Alda, Aben-Afan, Adaour, fada, velha moura, soldado um popular
304 ## $aEd. bilingue em italiano e português
316 ## $aNo rosto ms.: "Ao Ex.m.º Snr. e Dr. Abel de Campos offerece Nascimento Martins Lx 8/5/98"$5PTBN: C.I.C. 31 P.
317 ## $aColecção Ivo Cruz$5PTBN: C.I.C. 31 P.
317 ## $aTeatro de São Carlos$5PTBN: T.S.C. 545 P.
317 ## $aConservatório Nacional$5PTBN: C.N. 783 P.
606 ## $aÓperas$j[Libretos]$2SIPOR$31158641
675 ## $a78.089.1$vBN$zpor$3506605
675 ## $a82-293$vBN$zpor$3488282
700 #1 $aFéréal,$bCésar,$ffl. 1880-1900$31924888
701 #1 $aKeil,$bAlfredo,$f1850-1907$4230$350342
702 #1 $aGarrett,$bAlmeida,$f1799-1854$4100$321170
712 02 $aTipografia do Comércio de Portugal$4610$398295
712 01 $aPortugal.$bTeatro Nacional de São Carlos$4390$315629
712 01 $aPortugal.$bConservatório Nacional.$bEscola de Música$4390$31172174
801 #0 $aPT$bBN$gRPC
966 ## $lBN$mFGMON$sL. 14973 P.
966 ## $lBN$mMUSICA$pColecção Ivo Cruz$sC.I.C. 31 P. $x2
966 ## $lBN$mMUSICA$pConservatório Nacional$sC.N. 783 P. $x7
966 ## $lBN$mMUSICA$sT.S.C. 545 P. $x6
976 ## $d20260424$rjamaral
995 ## $aPRR2022 $d20231115$idfontes$zBND

OpendataBNP@bnportugal.pt | Mais informação sobre acesso aos dados BNP